The Epistle of Paul the apostle to the Romans. (Record no. 5721)

000 -LEADER
fixed length control field 00586nam a2200181 a 4500
001 - CONTROL NUMBER
control field :::00003463$&:&@@
003 - CONTROL NUMBER IDENTIFIER
control field OkBaRHE
005 - DATE AND TIME OF LATEST TRANSACTION
control field 20000607103305.0
008 - FIXED-LENGTH DATA ELEMENTS--GENERAL INFORMATION
fixed length control field s1972 j 000 0 eng u
040 ## - CATALOGING SOURCE
Transcribing agency
100 1# - MAIN ENTRY--PERSONAL NAME
Personal name Greene, Oliver B.
245 14 - TITLE STATEMENT
Title The Epistle of Paul the apostle to the Romans.
260 ## - PUBLICATION, DISTRIBUTION, ETC. (IMPRINT)
Place of publication, distribution, etc Greenville, SC., :
Name of publisher, distributor, etc Gospel Hour, Inc.
Date of publication, distribution, etc 1972
300 ## - PHYSICAL DESCRIPTION
Extent vii, 334 p. ;
Dimensions 20 cm.
650 ## - SUBJECT ADDED ENTRY--TOPICAL TERM
Topical term or geographic name as entry element Bible New Testament Romans
General subdivision Commentaries
942 ## - ADDED ENTRY ELEMENTS (KOHA)
Source of classification or shelving scheme
Koha item type Books
Copies
Date last seen Shelving location Damaged status Full call number Barcode Withdrawn status Koha item type Not for loan Source of classification or shelving scheme Copy number Lost status Date acquired Permanent Location Price effective from
2018-03-28General Stacks BS 2665.3 .G733463 Books  1 2010-04-14RHEMA Bible Training College2010-04-14